Nitra

Bibliographic Details
Main Author: Chudá, Oľga (Author)
Corporate Author: Slovenská informačná agentúra (vyd)
Other Authors: Barčák, Stanislav, 1936-2007 (fot), Chudý, Norbert (fot), Kubíček, Jozef (fot), Sláma, Ján (fot)
Format: Book
Language:German
PhysicalDescription:24 s. fareb. fotogr., mp., pl. 19x11 cm
Published: Bratislava Slowakische Informationsagentur 1996
ISBN:8080480915
Series:Slovensko - križovatka Európy
Subjects:

MARC

LEADER 00000nam a2200000 a 4500
001 vtls001286530
003 SK-MaSNL
005 20260301064840.0
008 251113s1996 xo b yy 0 ger
015 |a SNBE1997/0301177 
020 |a 8080480915 
035 |a SNK000238079 
040 |a SNK  |b slo  |c SNK  |e AACR2 
041 0 |a ger 
044 |a xo  |c SK 
080 |a 908.437.622(083.9)=30  |2 1981 
080 |a 943.76  |2 1981 
100 1 |a Chudá, Oľga  |4 aut  |9 44485 
245 1 |a Nitra  |c Autor: Oľga Chudá ; foto Stanislav Barčák ... [et al.] 
260 |a Bratislava  |b Slowakische Informationsagentur  |c 1996 
300 |a 24 s.  |b fareb. fotogr., mp., pl.  |c 19x11 cm 
490 1 |a Slowakei - Kreuzung Europas 
651 7 |a 5206  |2 SNK  |9 283253 
651 7 |a Nitra (Slovensko)  |2 SNK  |9 15714 
655 7 |a informačné publikácie  |2 SNK  |9 70181 
700 1 |a Barčák, Stanislav,  |d 1936-2007  |4 fot  |9 220185 
700 1 |a Chudý, Norbert  |4 fot  |9 44487 
700 1 |a Kubíček, Jozef  |4 fot  |9 45080 
700 1 |a Sláma, Ján  |4 fot  |9 46844 
710 0 |a Slovenská informačná agentúra  |4 vyd  |9 33324 
830 0 |a Slovensko - križovatka Európy  |9 283631 
919 |a 80-8048-091-5 
958 |a TL 
958 |a BQ 
999 |c 628459  |d 630389 
952 |t P60, <09>, [BOOK], {629}  |a SNK  |b SNK  |y NEVYP  |7 0  |o snkD 378  |i snk2777/970619  |0 0  |1 0  |4 0  |d 1997-06-18  |l 0  |r 2005-01-02 00:00:00  |w 2026-02-23 
952 |t P60, <03>, [BOOK], {603}  |a SNK  |b SNK  |y PREZ  |7 0  |p 17A0072580  |o snkOSD 7955  |i snkKSP 6294/97  |0 0  |1 0  |4 0  |d 1997-06-18  |l 0  |r 2005-01-02 00:00:00  |w 2026-02-23 
952 |t P60, <04>, [BOOK], {604}  |a SNK  |b SNK  |y VYP  |7 0  |p 17A0072579  |o snkOSD 7955 D1  |i snkKSP 6295/97  |0 0  |1 0  |4 0  |d 1997-06-18  |l 0  |r 2005-01-02 00:00:00  |w 2026-02-23